Fuel cell electronics packaging / (Record no. 355733)

000 -LEADER
fixed length control field 02069cam a22004937a 4500
001 - CONTROL NUMBER
control field 14653501
003 - CONTROL NUMBER IDENTIFIER
control field USPCAS-E
005 - DATE AND TIME OF LATEST TRANSACTION
control field 20180118181411.0
008 - FIXED-LENGTH DATA ELEMENTS--GENERAL INFORMATION
fixed length control field 061201s2007 nyua b 001 0 eng
010 ## - LIBRARY OF CONGRESS CONTROL NUMBER
LC control number 2006939574
015 ## - NATIONAL BIBLIOGRAPHY NUMBER
National bibliography number GBA6A5845
Source bnb
015 ## - NATIONAL BIBLIOGRAPHY NUMBER
National bibliography number 06,N41,0381
Source dnb
016 7# - NATIONAL BIBLIOGRAPHIC AGENCY CONTROL NUMBER
Record control number 013629186
Source Uk
020 ## - INTERNATIONAL STANDARD BOOK NUMBER
International Standard Book Number 9780387473239 (alk. paper)
020 ## - INTERNATIONAL STANDARD BOOK NUMBER
International Standard Book Number 0387473238 (alk. paper)
020 ## - INTERNATIONAL STANDARD BOOK NUMBER
International Standard Book Number 0387473246 (eISBN)
020 ## - INTERNATIONAL STANDARD BOOK NUMBER
International Standard Book Number 9780387473246 (eISBN)
028 52 - PUBLISHER NUMBER
Publisher number 11759935
035 ## - SYSTEM CONTROL NUMBER
System control number (OCoLC)ocm77256590
040 ## - CATALOGING SOURCE
Original cataloging agency UKM
Transcribing agency UKM
Modifying agency BAKER
-- BTCTA
-- YDXCP
-- IWA
-- IXA
-- NDD
-- DEBBG
-- VA@
-- BDX
-- DLC
042 ## - AUTHENTICATION CODE
Authentication code ukblsr
-- lccopycat
050 00 - LIBRARY OF CONGRESS CALL NUMBER
Classification number TK2931
Item number .F767 2007
082 04 - DEWEY DECIMAL CLASSIFICATION NUMBER
Classification number 621.312429
Edition number 22
Author Mark FUE 2007
084 ## - OTHER CLASSIFICATION NUMBER
Classification number 540
Number source sdnb
084 ## - OTHER CLASSIFICATION NUMBER
Classification number ELT 972f
Number source stub
084 ## - OTHER CLASSIFICATION NUMBER
Classification number VN 6050
Number source rvk
084 ## - OTHER CLASSIFICATION NUMBER
Classification number ZN 8750
Number source rvk
245 00 - TITLE STATEMENT
Title Fuel cell electronics packaging /
Statement of responsibility, etc. edited by Ken Kuang, Keith Easler.
260 ## - PUBLICATION, DISTRIBUTION, ETC.
Place of publication, distribution, etc. New York :
Name of publisher, distributor, etc. Springer,
Date of publication, distribution, etc. c2007.
300 ## - PHYSICAL DESCRIPTION
Extent x, 248 p. :
Other physical details ill. ;
Dimensions 25 cm.
502 ## - DISSERTATION NOTE
Dissertation note 0
504 ## - BIBLIOGRAPHY, ETC. NOTE
Bibliography, etc. note Includes bibliographical references and index.
520 ## - SUMMARY, ETC.
Summary, etc. Presents the latest developments in the technology convergence of microelectronics and fuel cells. Using the well established manufacturing methods used in microelectronics packaging, fuel cells can be further fabricated in smaller sizes with higher energy density, at a faster pace and lower cost.
650 #0 - SUBJECT ADDED ENTRY--TOPICAL TERM
Topical term or geographic name entry element Fuel cells.
650 07 - SUBJECT ADDED ENTRY--TOPICAL TERM
Topical term or geographic name entry element Brennstoffzelle.
Source of heading or term swd
700 1# - ADDED ENTRY--PERSONAL NAME
Personal name Kuang, Ken.
700 1# - ADDED ENTRY--PERSONAL NAME
Personal name Easler, Keith.
856 42 - ELECTRONIC LOCATION AND ACCESS
Electronic format type text/html
Uniform Resource Identifier <a href="http://deposit.d-nb.de/cgi-bin/dokserv?id=2855552&prov=M&dok_var=1&dok_ext=htm">http://deposit.d-nb.de/cgi-bin/dokserv?id=2855552&prov=M&dok_var=1&dok_ext=htm</a>
Materials specified Inhaltstext
856 42 - ELECTRONIC LOCATION AND ACCESS
Materials specified Publisher description
Uniform Resource Identifier <a href="http://www.loc.gov/catdir/enhancements/fy0825/2006939574-d.html">http://www.loc.gov/catdir/enhancements/fy0825/2006939574-d.html</a>
856 41 - ELECTRONIC LOCATION AND ACCESS
Materials specified Table of contents only
Uniform Resource Identifier <a href="http://www.loc.gov/catdir/enhancements/fy0825/2006939574-t.html">http://www.loc.gov/catdir/enhancements/fy0825/2006939574-t.html</a>
906 ## - LOCAL DATA ELEMENT F, LDF (RLIN)
a 7
b cbc
c copycat
d 2
e epcn
f 20
g y-gencatlg
942 ## - ADDED ENTRY ELEMENTS (KOHA)
Source of classification or shelving scheme
Koha item type Book
Holdings
Withdrawn status Lost status Source of classification or shelving scheme Damaged status Not for loan Collection code Permanent Location Current Location Shelving location Date acquired Source of acquisition Cost, normal purchase price Total Checkouts Full call number Barcode Date last seen Price effective from Koha item type Copy number
            US-Pakistan Center for Advanced Studies in Energy (USPCAS-E) US-Pakistan Center for Advanced Studies in Energy (USPCAS-E)   12/10/2015 Victoria co. 11900.00   621.312429 FUE 2007 CAS-E0000835 12/10/2015 12/10/2015 Book  
            US-Pakistan Center for Advanced Studies in Energy (USPCAS-E) US-Pakistan Center for Advanced Studies in Energy (USPCAS-E)   12/10/2015 Victoria co. 11900.00   621.312429 FUE 2007 CAS-E0000836 12/10/2015 12/10/2015 Book 2
© 2023 Central Library, National University of Sciences and Technology. All Rights Reserved.